Environmental health criteria; N.221: Zinc

Đã lưu trong:
書目詳細資料
主要作者: OMS
格式: 圖書
語言:Undetermined
出版: Geneva OMS 2001
主題:
標簽: 添加標簽
沒有標簽, 成為第一個標記此記錄!
Thư viện lưu trữ: Trung tâm Học liệu Trường Đại học Cần Thơ
LEADER 00502nam a2200181Ia 4500
001 CTU_54953
008 210402s9999 xx 000 0 und d
082 |a 363.7384 
082 |b O/68/E221 
100 |a OMS 
245 0 |a Environmental health criteria; N.221: Zinc 
245 0 |c OMS 
260 |a Geneva 
260 |b OMS 
260 |c 2001 
650 |a public health,environmental exposure,zinc,zinc 
650 |x toxicity,adverse effects 
980 |a Trung tâm Học liệu Trường Đại học Cần Thơ